Budgetary fund management of College of Business academic organizations in University of Rizal System Binangonan campus academic year 2017-2018 (Record no. 58186)

MARC details
000 -LEADER
fixed length control field 00978nam a22002297a 4500
003 - CONTROL NUMBER IDENTIFIER
control field URS
005 - DATE AND TIME OF LATEST TRANSACTION
control field 20220606142345.0
008 - FIXED-LENGTH DATA ELEMENTS--GENERAL INFORMATION
fixed length control field 220606b ||||| |||| 00| 0 eng d
100 ## - MAIN ENTRY--PERSONAL NAME
9 (RLIN) 1588
Personal name Dela Cruz, Joanna A.
Relator term author
245 ## - TITLE STATEMENT
Title <a href="Budgetary fund management of College of Business academic organizations in University of Rizal System Binangonan campus academic year 2017-2018">Budgetary fund management of College of Business academic organizations in University of Rizal System Binangonan campus academic year 2017-2018</a>
Statement of responsibility, etc Joanna A. Dela Cruz, Mark Joseph T. Onilongo, Arlyn S. Rubinos
260 ## - PUBLICATION, DISTRIBUTION, ETC. (IMPRINT)
Date of publication, distribution, etc 2018
300 ## - PHYSICAL DESCRIPTION
Extent xi, 63 leaves
Dimensions 28 cm.
336 ## - CONTENT TYPE
Source rdacontent
Content type term text
337 ## - MEDIA TYPE
Source rdamedia
Media type term unmediated
338 ## - CARRIER TYPE
Source rdacarrier
Carrier type term volume
502 ## - DISSERTATION NOTE
Dissertation note Thesis
Degree type Bachelor of Science in Business Administration Major in Financial Management
Name of granting institution University of Rizal System, Binangonan
Year degree granted 2018
504 ## - BIBLIOGRAPHY, ETC. NOTE
Bibliography, etc Includes bibliographical references.
700 ## - ADDED ENTRY--PERSONAL NAME
9 (RLIN) 1589
Personal name Onilongo, Mark Joseph T.
Relator term author
700 ## - ADDED ENTRY--PERSONAL NAME
9 (RLIN) 1590
Personal name Rubinos, Arlyn S.
Relator term author
700 ## - ADDED ENTRY--PERSONAL NAME
9 (RLIN) 1591
Personal name Ma. Linda R. Fernandez, MBA
Relator term adviser
942 ## - ADDED ENTRY ELEMENTS (KOHA)
Source of classification or shelving scheme Library of Congress Classification
Koha item type Theses and dissertations
Holdings
Withdrawn status Source of classification or shelving scheme Damaged status Not for loan Home library Current library Date acquired Total Checkouts Barcode Date last seen Price effective from Koha item type
  Library of Congress Classification     Binangonan College Library Binangonan College Library 06/06/2022   URSBIN-UGT2134 06/06/2022 06/06/2022 Theses and dissertations

University of Rizal System
Email us at univlibservices@urs.edu.ph

Visit our Website www.urs.edu.ph/library